| 000 | 00448nam a2200157Ia 4500 | ||
|---|---|---|---|
| 005 | 20250620004749.0 | ||
| 008 | 240331s9999 xx 000 0 und d | ||
| 020 | _a9559008161 | ||
| 082 |
_bATU _a613 |
||
| 100 | _aAtukorala,D.R | ||
| 245 | 0 | _aYawwanathwaya ha mathruthwaya | |
| 260 |
_aPanadura _bShiksha Mandira Publication _c1991 |
||
| 300 | _a224 p ., | ||
| 500 | _aIts a book of youth and Motherhood - A handbook for young mothers | ||
| 942 | _cL | ||
| 999 |
_c1516 _d1516 |
||